Statistics for Top 60 Players Of The Last 12 Years

Click here to take the quiz!

General Stats

  • This quiz has been taken 24 times
  • The average score is 38 of 60

Answer Stats

HintRankAnswer% Correct
Lakers1.Lebron James
100%
Warriors2.Stephen Curry
100%
Bucks4.Giannis Antetokounmpo
95%
Nets3.Kevin Durant
95%
Lakers7.Kobe Bryant
95%
Rockets10.James Harden
90%
Nets19.Kyrie Irving
90%
Mavericks41.Luka Doncic
90%
Thunder11.Russell Westbrook
90%
Suns12.Chris Paul
86%
Heat18.Jimmy Butler
86%
Raptors6.Kawhi Leonard
86%
Warriors14.Klay Thompson
86%
Warriors16.Draymond Green
81%
Heat5.Dwyane Wade
81%
Nuggets8.Nikola Jokic
81%
Spurs9.Tim Duncan
81%
Knicks20.Anthony Davis
76%
Blazers24.Damion Lillard
76%
Suns43.Devin Booker
76%
Celtics23.Jayson Tatum
76%
76ers31.Joel Embiid
71%
Cavs27.Kevin Love
71%
Spurs22.Tony Parker
71%
Clippers36.Blake Griffin
67%
Heat17.Chris Bosh
67%
Magic21.Dwight Howard
67%
Celtics40.Jaylen Brown
67%
Wizards32.John Wall
67%
Raptors26.Kyle Lowry
67%
Memphis34.Marc Gasol
67%
Lakers59.Pau Gasol
67%
Clippers29.Paul George
67%
Clippers50.Deandre Jordan
62%
Mavericks15.Dirk Nowitski
62%
Spurs49.Manu Ginobili
62%
Wizards55.Bradley Beal
57%
Raptors35.Demar Derozan
57%
Bulls28.Derrick Rose
57%
Cavs60.Donovan Mitchell
57%
Raptors39.Pascal Siakam
57%
Jazz30.Rudy Gobert
57%
Lakers13.Carmelo Anthony
52%
Celtics37.Rajon Rondo
52%
Warriors33.Andre Iguodala
48%
Heat38.Bam Adebayo
48%
Wolves58.Karl Anthony Towns
48%
Hornets42.Kemba Walker
48%
Nets57.Brook Lopez
43%
Kings25.Demarcus Cousins
43%
Nets45.Deron Williams
43%
Bucks51.Khris Middleton
43%
Blazers44.Lamarcus Aldridge
43%
Bucks54.Jrue Holiday
38%
Hawks47.Al Horford
33%
Nets56.Joe Johnson
29%
Raptors48.Serge Ibaka
24%
Memphis53.Zach Randolph
24%
Jazz52.Carlos Boozer
19%
Hawks46.Paul Milsap
5%

Score Distribution

Percentile by Number Answered

Percent of People with Each Score

Your Score History

You have not taken this quiz